000 00676nam a22002177a 4500
008 131004b xxu||||| |||| 00| 0 eng d
020 _a3540105719
020 _a0387105719
041 0 _aeng
080 _a004.2
245 0 0 _aDistributed Systems-Architecture and Implementation :
_c G.Goos, J. Hartmanis
260 _aBerlin ;
_aNew York :
_bSpringer Verlag,
_c1981
300 _axiii, 510 f. :
_bme il. ;
_c24 cm
490 _aLecture notes in computer science
_v105
500 _aPreface : [III]-IV
650 0 _aSoftuer Kompjuteri
650 0 _aArkitektura e kompjuterëve
700 1 _aGoos, G.
700 1 _aHartmanis, J.
942 _2udc
_cBK
999 _c400
_d400